Szczegóły MARC21

Słownik ekonomiczny : dla przedsiębiorcy w warunkach rynku /

003 -Nazwa inst., której nr kontr. jest w polu 001 [,]
    • @
    • Nazwa instytucji, której n kontrolny jest w polu 001
    • NUKAT
005 -DATA I CZAS OSTATNIEJ MODYFIKACJI [,]
    • @
    • pole kontrolne
    • 20241231101721.0
020 -Międzynarod. znormalizowany nr książki - ISBN [ , ]
    • a
    • Numer ISBN
    • 8385847006 Find
040 -Instytucja sporządzająca opis [ , ]
    • a
    • Instytucja, która sporządziła opis (NP)
    • GD 88/JR
    • c
    • Instytucja, która sporządziła rekord (NP)
    • GD 88/JR
    • d
    • Instytucja, która zmodyfikowała rekord (P)
    • GD 88/JR
    • d
    • Instytucja, która zmodyfikowała rekord (P)
    • TOR U/GPs
942 -Rodzaj dokumentu [ , ]
    • c
    • Rodzaj dokumentu
    • Książka
245 -Strefa tytułu i oznaczenia odpowiedzialności [0,0]
    • a
    • Tytuł
    • Słownik ekonomiczny : Find
    • b
    • Ciąg dalszy tytułu (NP)
    • dla przedsiębiorcy w warunkach rynku / Find
    • c
    • Pozostałe elementy strefy tytułu i oznaczenia odpowiedzialności (NP)
    • [red. Zygmunt Dowgiałło ; aut.: Ryszard Budziński et al.].
250 -Strefa wydania [ , ]
    • a
    • Oznaczenie wydania (NP)
    • Wyd. 3.
260 -Strefa adresu wydawniczego [ , ]
    • a
    • Miejsce wydania (P)
    • Szczecin :
    • b
    • Nazwa wydawcy (P)
    • Wydawnictwo Znicz,
    • c
    • Data wydania (P)
    • cop. 1993.
300 -Strefa opisu fizycznego [ , ]
    • a
    • Określenie formy książki i/lub objętość (NP)
    • 255, [1] s. ;
    • c
    • Format (NP)
    • 21 cm.
336 -Typ zawartości [ , ]
    • a
    • Termin opisujący typ zawartości
    • Tekst
    • b
    • Kod określający zawartość
    • txt
    • 2
    • Źródło (terminu i kodu)
    • rdacontent
337 -Typ mediów [ , ]
    • a
    • Tryb odtwarzania
    • Bez urządzenia pośredniczącego
    • b
    • Kod typu mediów
    • n
    • 2
    • Źródło (terminu i kodu)
    • rdamedia
338 -Typ/rodzaj nośnika [ , ]
    • a
    • Hasło opisujące typ nośnika
    • Wolumin
    • b
    • Kod typu nośnika
    • nc
    • 2
    • Źródło (terminu i kodu)
    • rdacarrier
500 -Uwaga ogólna [ , ]
    • a
    • Uwaga ogólna (NP)
    • Wyd. 4 pt.: Słownik ekonomiczny dla przedsiębiorcy.
504 -Uwaga dot. bibliogr. załącznikowej [ , ]
    • a
    • Uwaga dot. bibliografii załącznikowej
    • Indeks.
080 -Uniwersalna Klasyfikacja Dziesiętna [ , ]
    • a
    • Symbol klasyfikacji
    • 33
    • b
    • Dopowiedzenie
    • Nauki ekonomiczne. Gospodarka. Ekonomia.
    • x
    • Poddział wspólny
    • (038)
    • b
    • Dopowiedzenie
    • (Słowniki).
    • 2
    • Identyfikator wydania tablic
    • UDC-P058
650 -Hasło przedmiotowe [ ,7]
    • a
    • Hasło przedmiotowe
    • Ekonomia
    • v
    • Określnik formalny
    • encyklopedie.
    • 2
    • Źródło terminu
    • kaba
    • 9
    • KHW
    • 358945
980 -Symbol UKD [ , ]
    • a
    • UKD
    • 33(038)
700 -Hasło dodatkowe - nazwa osobowa [1, ]
    • a
    • Nazwa osobowa (NP)
    • Dowgiałło, Zygmunt Find
    • d
    • Daty biograficzne (NP)
    • (1926- ).
    • e
    • Określenie rodzaju współpracy
    • Red.
    • 9
    • KHW
    • 76927
700 -Hasło dodatkowe - nazwa osobowa [1, ]
    • a
    • Nazwa osobowa (NP)
    • Budziński, Ryszard Find
    • d
    • Daty biograficzne (NP)
    • (1948-2019).
    • 9
    • KHW
    • 76926
920 -ISBN [ , ]
    • a
    • ISBN
    • 83-85847-00-6 Find
Data inwentaryzacji Lokalizacja Status udost. Numer inwentarzowy Sygnatura
1994-10-03BE2S.76204 
2007-06-22BE-3S.92836 
1994-10-03BE1E.62077 
1997-10-02BE-3S.80982 
1994-10-03BSA1SA.6080SA.6080